<?xml version="1.0" encoding="UTF-8"?>
<record
    xmlns:xsi="http://www.w3.org/2001/XMLSchema-instance"
    xsi:schemaLocation="http://www.loc.gov/MARC21/slim http://www.loc.gov/standards/marcxml/schema/MARC21slim.xsd"
    xmlns="http://www.loc.gov/MARC21/slim">

  <leader>00719nab a2200217 uc4500</leader>
  <controlfield tag="001">772710</controlfield>
  <controlfield tag="005">20240201184124.0</controlfield>
  <controlfield tag="008">020903e19681201                    spa  </controlfield>
  <datafield tag="035" ind1=" " ind2=" ">
    <subfield code="a">772710</subfield>
  </datafield>
  <datafield tag="035" ind1=" " ind2=" ">
    <subfield code="a">(OCoLC)819987690</subfield>
  </datafield>
  <datafield tag="040" ind1=" " ind2=" ">
    <subfield code="c">comduadb</subfield>
  </datafield>
  <datafield tag="041" ind1=" " ind2=" ">
    <subfield code="a">spa</subfield>
  </datafield>
  <datafield tag="245" ind1="1" ind2="3">
    <subfield code="a">El Liceo Departamental de Jesus (Concordia)</subfield>
  </datafield>
  <datafield tag="650" ind1=" " ind2=" ">
    <subfield code="a">Concordia (Antioquia)</subfield>
    <subfield code="9">1682</subfield>
  </datafield>
  <datafield tag="650" ind1=" " ind2=" ">
    <subfield code="a">Liceo Departamental de Jesus - Concordia (Antioquia)</subfield>
    <subfield code="9">105770</subfield>
  </datafield>
  <datafield tag="650" ind1=" " ind2=" ">
    <subfield code="a">Educacion - Concordia (Antioquia)</subfield>
    <subfield code="9">109321</subfield>
  </datafield>
  <datafield tag="650" ind1=" " ind2=" ">
    <subfield code="a">Concordia (Antioquia) - Historia</subfield>
    <subfield code="9">71054</subfield>
  </datafield>
  <datafield tag="650" ind1=" " ind2=" ">
    <subfield code="a">Educacion masculina</subfield>
    <subfield code="9">97028</subfield>
  </datafield>
  <datafield tag="773" ind1="0" ind2=" ">
    <subfield code="t">Distritos (Medell&#xED;n)</subfield>
    <subfield code="g">No. 14, Dec. 1968. Concordia, p. 28-31</subfield>
    <subfield code="w">632150</subfield>
    <subfield code="0">160633</subfield>
  </datafield>
  <datafield tag="942" ind1=" " ind2=" ">
    <subfield code="c">ARIMP</subfield>
  </datafield>
  <datafield tag="999" ind1=" " ind2=" ">
    <subfield code="c">263234</subfield>
    <subfield code="d">263234</subfield>
  </datafield>
</record>
